000 01108nam a22002297a 4500
999 _c12330
_d12330
003 AR-CdUCM
008 190408b ||||| |||| 00| 0 spa d
040 _aMUNICIPALIDAD PROVINCIAL DEL CUSCO
_cBIBLIOTECA MUNICIPAL DEL CUSCO
082 _a252 /
_bN54 / 1781.
100 _aNicolas Gallo, P. D.
_929988
245 _aColección de varios papeles sueltos del P. D. Nicolas Gallo, presbiterio de la congregación del salvador del mundo de Madrid /
260 _aMadrid :
_bD. Manuel Martin,
_c1781.
300 _a284 paginas ;
_c21 cm.
500 _aDedicatoria
505 _aContenido : t.6: Dedicatoria de la oración fúnebre en las honras del dr, Aguirre, cura que fue en la parroquial de S. Miguel de Madrid -- Censura al cuarto tomo de la historia sagrada del P. Florez. -- Manifiesto que con incontestables hechos prueba los grandes beneficios que ha producido el establecimiento de la Real Compañía de Caracas...
650 _aSermones
_92430
650 _aReligión
_91195
650 _aReflexiones
_93812
650 _aConsejos
_914854
942 _2ddc
_cLIBROS
945 _awnts
_d2019-04-08